000 00827nam a22002537a 4500
999 _c590
_d590
003 OSt
005 20200525100711.0
008 200525b ||||| |||| 00| 0 eng d
020 _a002642113
020 _a0026421011
020 _a002642102x
020 _a0026421038
020 _a0026421046
020 _a0026421054
020 _a0026421119
040 _aKABLIB
_cKABLIB
_dKABLIB
082 _223
_a782.5
_bSOM
245 _aSomething New to Sing About Level II :
_bchoral literature for treble ensemble and male ensemble /
_cDeveloped by G. Schirmer, Inc., Will Schmid, Project Editor.
260 _aMission Hills, California;
_bGlencoe Publishing Co.;
_cc1989.
300 _a205 p. :
_bill. (B&W);
_c28 cm.
700 _aSchmid, Will (Project Editor).
_92002
710 _aG. Schirmer, Inc.
_92001
942 _2ddc
_cBOOK